000 00426nam a22001817a 4500
003 OSt
008 250421b |||||||| |||| 00| 0 eng d
020 _a9789355517739
082 _a005.133 BAM
100 _aBAKARIYA,Brijesh
245 _aMCQ for Python Users
250 _a1st Ed
260 _aNew Delhi
_bBPB
_c2025
300 _a483
650 _aMCQ for Python Users
700 _aMOHBEY,Krishna Kumar
942 _2ddc
999 _c13368
_d13368